Europe per 2nd Letter Quiz Stats

 Plays Quiz Updated Nov 28, 2018

Support Sporcle.
Go Orange.
Score 0/16 Timer 02:00
10 Plays Today
Letter Country % Correct
EBelarus, Belgium, Denmark, Germany, Netherlands & Serbia
93.7%
OBosnia and Herzegovina, Kosovo, Moldova, Monaco, Montenegro, North Macedonia, Norway, Poland, Portugal & Romania
92%
RCroatia, France, Greece & Ireland
88.9%
PSpain
84.4%
IFinland, Liechtenstein & Lithuania
82.2%
ALatvia, Malta, San Marino & Vatican City
81.8%
UAustria, Bulgaria, Hungary, Luxembourg, Russia & Turkey
81.7%
WSweden & Switzerland
79.4%
Letter Country % Correct
NAndorra & United Kingdom
77.2%
LAlbania, Slovakia & Slovenia
71.6%
CIceland
66.4%
TItaly
62.7%
SEstonia
57.2%
ZCzechia
57%
KUkraine
56.1%
YCyprus
50.2%

From the Vault

13 Colonies Picture Click

by eon

History 90s
13 is typically an unlucky number, but in the case of Colonial America it turned out all right.
Remove Ads.
Support Sporcle.
Get the best of Sporcle when you Go Orange. This ad-free experience offers more features, more stats, and more fun while also helping to support Sporcle. Thank you for becoming a member.

Show Comments

Extras

Top Quizzes Today


Score Distribution

Your Account Isn't Verified!

In order to create a playlist on Sporcle, you need to verify the email address you used during registration. Go to your Sporcle Settings to finish the process.

Report this User

Report this user for behavior that violates our Community Guidelines.

Details: